al-Lubāb fī tahdhīb al-Ansāb /

محفوظ في:

المؤلف الرئيسي: Ibn al-Athīr, ʿIzz al-Dīn, 1160-1233 (مؤلف)

مؤلفون آخرون: Samʻānī, ʻAbd al-Karīm ibn Muḥammad, 1113-1166.

التنسيق: كتاب

اللغة: Arabic

منشور في: al-Qāhirah : Maktabat al-Qudsī, 1937.

الموضوعات:

الوسوم: إضافة وسم

لا توجد وسوم, كن أول من يضع وسما على هذه التسجيلة!

رقم الطلب: CS1476 .I25 1937 v.1-3

LEADER 01262nam a2200241Ia 4500
005 20230212135646.0
008 130303s1937 ua d 000 0cara d
952 |0 0  |1 0  |2 lcc  |3 V.1  |4 0  |6 CS1476 I25 01937 V.00001-00003  |7 1  |9 45555  |a ARCE  |b ARCE  |d 2023-02-12  |l 0  |o CS1476 .I25 1937 v.1-3  |p 1032392  |r 2023-02-12 00:00:00  |w 2023-02-12  |y BK 
952 |0 0  |1 0  |2 lcc  |3 V.2-3  |4 0  |6 CS1476 I25 01937 V.00001-00003  |7 1  |9 63597  |a ARCE  |b ARCE  |d 2024-02-29  |l 0  |o CS1476 .I25 1937 v.1-3  |p 1032393  |r 2024-02-29 00:00:00  |w 2024-02-29  |y BK 
999 |c 23953  |d 23953 
040 |c ARCE Library 
050 4 |a CS1476 .I25 1937 v.1-3 
100 1 |6 880-01  |a Ibn al-Athīr, ʿIzz al-Dīn,  |d 1160-1233,  |e author 
245 1 3 |6 880-02  |a al-Lubāb fī tahdhīb al-Ansāb /   |c ʻIzz al-Dīn Ibn al-Athīr. 
264 1 |a al-Qāhirah :   |b Maktabat al-Qudsī,   |c 1937. 
300 |a 3 volumes ;  |c 24 cm. 
610 2 0 |a Islamic Empire   |x Genealogy. 
650 0 |a Arabs  |v Biography  |v Dictionaries. 
700 1 |a Samʻānī, ʻAbd al-Karīm ibn Muḥammad,   |d 1113-1166. 
880 1 |6 100-01/(3/r  |a ابن الإثير، عز الدين،‪‪‪‪‪‪‪  |d 1160-1233. 
880 1 2 |6 245-02/(3/r  |a اللباب في تهذيب الأنساب   |c عز الدين بن الأثير.‪‪‪‪‪‪‪ 
901 |a reviewed 
942 |c BK  |2 lcc